All Blu Songs - Statistics

General Stats
  • This quiz has been taken 8 times
  • The average score is 93 of 279
Answer Stats
Album Song % Correct
Below the Heavens The World Is (Below the Heavens..)
83%
Miles Blue
67%
A Long Red Hot Los Angeles Summer Night Intro
67%
The Blueprint Ray Ray (The Blueprint)
67%
The Turn Up The Turn Up
67%
Cheetah in the City Cheetah
50%
The Piece Talks Go!
50%
Gods in the Spirit God S**t
50%
Ground & Water Ground & Water
50%
Jesus jesus
50%
Below the Heavens So(ul) Amazin' (Steel Blazin')
50%
The Blueprint 1953
33%
The Blueprint 1983
33%
The Piece Talks 2.16.05
33%
The Blueprint 2 Live N Die N L.A.
33%
Jesus 4u
33%
York Above Crenshaw
33%
The Piece Talks Activate...As Well
33%
The Piece Talks Activate Too
33%
Miles African Dream
33%
Give Me My Flowers While I Can Still Smell Them A Letter
33%
Miles All the Blues
33%
In the Beginning: Before the Heavens All These Ladies
33%
Give Me My Flowers While I Can Still Smell Them A Man
33%
Her Favorite Colo(u)r Amnesia
33%
York Annie Hall
33%
In the Beginning: Before the Heavens Another Day
33%
Johnson&Johnson Anything Is Possible
33%
Johnson&Johnson A Perfect Picture
33%
Good to Be Home Back Home Again
33%
In the Beginning: Before the Heavens Back to Basics
33%
The Blueprint Bang St A
33%
Ground & Water Beast Mode
33%
Her Favorite Colo(u)r Beggars' / BlackGold
33%
Bad Neighbor Belly Full
33%
Give Me My Flowers While I Can Still Smell Them Berries and Juices
33%
Bad Neighbor Birds
33%
Jesus birdznbeez
33%
Crenshaw Jezebel Black Coffee
33%
The Blueprint Block St Hood
33%
Below the Heavens Blu Colla Workers
33%
Miles Blue As I Can Be
33%
Good to Be Home Bobby Brown
33%
A Long Red Hot Los Angeles Summer Night Boogie to Flex
33%
Ground & Water Both of Them
33%
Johnson&Johnson Bout It, Bout It
33%
Gods in the Spirit Boyz II Men
33%
Good to Be Home Boyz N the Hood
33%
Miles Bright As Stars
33%
Good to Be Home Brown Sugar
33%
The Blueprint B.S. (The Return)
33%
The Piece Talks Bullet Through Me
33%
The Blueprint B.U.M.S.
33%
Jesus burgandy
33%
Bad Neighbor Burgundy Whip
33%
The Piece Talks Buy Me Lunch
33%
Good to Be Home Can't Stop, Won't Stop
33%
Her Favorite Colo(u)r Celln'Ls
33%
Give Me My Flowers While I Can Still Smell Them Cent from Heaven
33%
A Long Red Hot Los Angeles Summer Night Champagne
33%
Good to Be Home Child Support
33%
The Piece Talks Chill
33%
Cheetah in the City City Dreams
33%
Below the Heavens Cold Hearted
33%
The Blueprint C.O.L.O.R.S.
33%
In the Beginning: Before the Heavens Constellations
33%
Open Your Optics to Optimism Cosmophobia (Revisited)
33%
The Piece Talks Cotton
33%
The Piece Talks CRACHAUSE
33%
The Piece Talks Credits
33%
Gods in the Spirit Creme of the Crop
33%
Gods in the Spirit Crooks in Castles
33%
Below the Heavens Dancing in the Rain
33%
Miles Dear Lord
33%
Jesus dmv
33%
York Doin' Nothin'
33%
York Doin' Something
33%
Give Me My Flowers While I Can Still Smell Them Don't Be Jelly
33%
Cheetah in the City Don't Trip
33%
Jesus doowhop
33%
A Long Red Hot Los Angeles Summer Night Do the Crime
33%
Jesus dotheknxwledge (Outrolude)
33%
York Down to Earth
33%
Good to Be Home Dre Day
33%
Bad Neighbor Drive In
33%
Give Me My Flowers While I Can Still Smell Them Ease Your Mind
33%
Gods in the Spirit End of the World
33%
The Turn Up Even Though
33%
York Everybody Nose
33%
York Everything's OK
33%
A Long Red Hot Los Angeles Summer Night Facing Time
33%
The Blueprint Fake St Azz
33%
Ground & Water Feet on the Ground
33%
Bad Neighbor Finer Things
33%
Below the Heavens First Things First
33%
Cheetah in the City French Kiss
33%
A Long Red Hot Los Angeles Summer Night Fresh Out
33%
The Blueprint Gang St A
33%
Crenshaw Jezebel Gave Her Love Away - Interlude
33%
Bad Neighbor Get Money
33%
Ground & Water Get On Down
33%
Give Me My Flowers While I Can Still Smell Them Good Morning Neighbor
33%
Bad Neighbor Greetings
33%
Ground & Water Grey Heaven
33%
Give Me My Flowers While I Can Still Smell Them Growing Pains
33%
The Blueprint G.U.N. (Clap Clap)
33%
Her Favorite Colo(u)r GurlFriend
33%
Johnson&Johnson Half a Knot
33%
In the Beginning: Before the Heavens Hard Workers
33%
The Piece Talks Hello!?
33%
Good to Be Home He Man
33%
Open Your Optics to Optimism Higher
33%
Open Your Optics to Optimism His Story
33%
Johnson&Johnson Hold on John
33%
Good to Be Home Home
33%
In the Beginning: Before the Heavens Hot for Y'all
33%
York Hours
33%
The Turn Up House Keys
33%
Below the Heavens I Am...
33%
Give Me My Flowers While I Can Still Smell Them I Am Jean
33%
Below the Heavens In Remembrance of Me
33%
Johnson&Johnson In the Building
33%
A Long Red Hot Los Angeles Summer Night It Never Rains in South L.A.
33%
A Long Red Hot Los Angeles Summer Night Jail Cypher
33%
York Jazmine
33%
York Jazzmen
33%
Johnson&Johnson J & J
33%
Below the Heavens Juicen' Dranks
33%
The Turn Up Jungles
33%
York Keep Pushinn
33%
Bad Neighbor Knock Knock
33%
Cheetah in the City LA Counting
33%
The Blueprint L.A. L.A.
33%
Crenshaw Jezebel Let Me
33%
In the Beginning: Before the Heavens Life Is a Gamble
33%
A Long Red Hot Los Angeles Summer Night Liquor Store
33%
Johnson&Johnson Long Time Gone
33%
Her Favorite Colo(u)r Love
33%
The Piece Talks Love Don't
33%
Crenshaw Jezebel Low Riders Ride On - Interlude
33%
Jesus lucky
33%
Cheetah in the City Lynx
33%
A Long Red Hot Los Angeles Summer Night Made the Call
33%
Bad Neighbor Mad Neighbor
33%
The Piece Talks Major Way
33%
Johnson&Johnson Mama Told Me
33%
Give Me My Flowers While I Can Still Smell Them Mask Your Soul
33%
Give Me My Flowers While I Can Still Smell Them Maybe One Day
33%
The Blueprint Me Against the World
33%
Her Favorite Colo(u)r Melo
33%
Crenshaw Jezebel Micadelic Furs
33%
Crenshaw Jezebel Midnight Blues
33%
Miles Miles Away
33%
Miles Miles Davis
33%
Give Me My Flowers While I Can Still Smell Them Money
33%
Give Me My Flowers While I Can Still Smell Them More Out of Life
33%
Her Favorite Colo(u)r Morning
33%
A Long Red Hot Los Angeles Summer Night Murder Case
33%
Miles Music Is My Everything
33%
The Blueprint My Fav Colo(u)r
33%
York My Sunshine
33%
Below the Heavens My World Is...
33%
Jesus newsh*t (introlude)
33%
Below the Heavens No Greater Love
33%
Open Your Optics to Optimism Oblivia
33%
Give Me My Flowers While I Can Still Smell Them O Heaven
33%
Cheetah in the City One Two
33%
Johnson&Johnson Only Way
33%
Jesus ontheporch
33%
In the Beginning: Before the Heavens On the Radio
33%
Open Your Optics to Optimism Otionography
33%
The Blueprint Outs
33%
Her Favorite Colo(u)r Pardon
33%
In the Beginning: Before the Heavens Party of Two
33%
Her Favorite Colo(u)r Peace
33%
Bad Neighbor | Single #3 Peroxide
33%
The Piece Talks Pop Dem Boyz
33%
A Long Red Hot Los Angeles Summer Night Pop Shots
33%
Good to Be Home Rap Dope
33%
The Piece Talks Ready
33%
Good to Be Home Red & Gold
33%
The Blueprint Red Hot L.A.
33%
Miles Requiem of Blue
33%
The Piece Talks Respect
33%
Ground & Water Rhymes & Gemstones
33%
York Ronald Morgan
33%
Miles Roots of Blue
33%
A Long Red Hot Los Angeles Summer Night Round Bout Midnight
33%
Give Me My Flowers While I Can Still Smell Them Seasons
33%
Bad Neighbor Serving
33%
Ground & Water Share the Love
33%
Below the Heavens Show Me the Good Life
33%
Her Favorite Colo(u)r Silent
33%
Below the Heavens Simply Amazin'
33%
Her Favorite Colo(u)r Since
33%
Cheetah in the City Sleepin'
33%
York SLNGBNGrs
33%
In the Beginning: Before the Heavens Sold the Soul
33%
In the Beginning: Before the Heavens Soul Provider
33%
York Soupa
33%
The Blueprint South L.A.
33%
Johnson&Johnson Spell Check
33%
Miles | True & Livin' Spread Sunshine
33%
York Spring Winter Summer Fall
33%
A Long Red Hot Los Angeles Summer Night Stalkers
33%
Johnson&Johnson Still Up All Night
33%
A Long Red Hot Los Angeles Summer Night Straight No Chaser
33%
Bad Neighbor Streets
33%
In the Beginning: Before the Heavens Stress Off the Chest
33%
Good to Be Home Summer Time
33%
Crenshaw Jezebel Sunday Cartoons
33%
Cheetah in the City Sunny
33%
York Tags
33%
Good to Be Home The 50z
33%
Miles The American Dream
33%
Bad Neighbor The Buzz
33%
The Blueprint The Colo(u)r Black
33%
Miles The End
33%
Cheetah in the City The Factory
33%
Miles The Feeling
33%
Give Me My Flowers While I Can Still Smell Them The Great Escape
33%
Johnson&Johnson The Gusto Room
33%
Good to Be Home The LA
33%
A Long Red Hot Los Angeles Summer Night The Lost Angels Anthem
33%
Below the Heavens The Narrow Path
33%
Johnson&Johnson The Oath
33%
Give Me My Flowers While I Can Still Smell Them The Only One
33%
Good to Be Home The Return
33%
A Long Red Hot Los Angeles Summer Night The Robbery
33%
Bad Neighbor The Strip
33%
Bad Neighbor The Stroll
33%
Good to Be Home The Summer / Angel Dust
33%
The Blueprint The Tookie Monsters
33%
Good to Be Home The West
33%
Good to Be Home The West (Part Two)
33%
In the Beginning: Before the Heavens Things We Say
33%
Open Your Optics to Optimism Think
33%
Open Your Optics to Optimism Thought
33%
Miles To the Fall, But Not Forgotten
33%
Miles Troubled Water
33%
Open Your Optics to Optimism UFO
33%
The Piece Talks Umm Yeah
33%
Her Favorite Colo(u)r Untitled (LovedU) 2
33%
Johnson&Johnson Up All Night
33%
Her Favorite Colo(u)r Vanity
33%
Cheetah in the City Weekends
33%
Good to Be Home Well Fare
33%
Cheetah in the City Whatever
33%
Jesus whatifiwas
33%
The Piece Talks What Up (Part 2)
33%
Her Favorite Colo(u)r When (Terlude)
33%
Miles When the Gods Meet
33%
Crenshaw Jezebel When U Needed Me
33%
Good to Be Home Whip Creme (Part One)
33%
The Blueprint Who Side Are You On?
33%
Her Favorite Colo(u)r Wind (Terlude)
33%
The Turn Up Wonderful
33%
Cheetah in the City Workin'
33%
Johnson&Johnson Wow!
33%
Miles You Ain't Never Been Blue
33%
Below the Heavens You Are Now in the Clouds With (The Koochie Monstas)
33%
In the Beginning: Before the Heavens You're Gonna Die Someday
33%
Titans in the Flesh Atlantis
17%
Titans in the Flesh Giant Steps
17%
Titans in the Flesh Heaven on Earth
17%
Single #6 Kiss the Sky
17%
Single Lemonade
17%
Crenshaw Jezebel Luv for the Hood Prelude
17%
The Piece Talks Mr. Big Fuzz
17%
True & Livin' Power to the People
17%
Single #4 The Clean Hand
17%
Titans in the Flesh The Man
17%
Titans in the Flesh The Truth
17%
Single #5 Thriller
17%
Titans in the Flesh To the East
17%
True & Livin' True & Livin'
17%
Gods in the Spirit, Titans in the Flesh Yesterday
17%
No matching quizzes found
Score Distribution
Percent of People with Each Score
Percentile by Number Answered
Your Score History
You have not taken this quiz